| 000 | 00420 a2200145 4500 | ||
|---|---|---|---|
| 999 |
_c3450 _d3450 |
||
| 020 | _a0781974369 | ||
| 050 | _aQ 165.13 FLI 2005 | ||
| 100 |
_aFlick, U _eauthor |
||
| 245 |
_aAn introduction to qualitative research _cU. Flick |
||
| 264 |
_bSage Publication _c2005 |
||
| 300 |
_a310p.: _bill. |
||
| 500 | _aIncludes bibliographical references and index | ||
| 650 | _aQualitative research | ||
| 942 |
_2lcc _cBK _h165.13 _iFLI _kQ |
||